Roadmap To Information Security (Record no. 16978)

MARC details
000 -LEADER
fixed length control field 00377nam a2200145Ia 4500
008 - FIXED-LENGTH DATA ELEMENTS--GENERAL INFORMATION
fixed length control field 230312s9999||||xx |||||||||||||| ||und||
020 ## - INTERNATIONAL STANDARD BOOK NUMBER
International Standard Book Number 9781486020973
082 ## - DEWEY DECIMAL CLASSIFICATION NUMBER
Classification number 303.483
Item number MAN-I
100 ## - MAIN ENTRY--PERSONAL NAME
Personal name Whitman,E,Michael
245 #0 - TITLE STATEMENT
Title Roadmap To Information Security
260 ## - PUBLICATION, DISTRIBUTION, ETC.
Name of publisher, distributor, etc. Pearson
Place of publication, distribution, etc. Australia
Date of publication, distribution, etc. 2014
300 ## - PHYSICAL DESCRIPTION
Extent 618
650 ## - SUBJECT ADDED ENTRY--TOPICAL TERM
Topical term or geographic name entry element Computer
Form subdivision Information Society
942 ## - ADDED ENTRY ELEMENTS (KOHA)
Koha item type BOOK

No items available.

Powered by Koha